00899nam a22002417a 450000500170000001000120001702000220002903500120005103700160006304000120007908200170009110000290010824501130013726000450025027000620029530000230035750000190038065000520039965000310045194200260048299900190050895201300052720170124105941.0 aB-63962 c00.00a0195639464 aB-63962 bCen Lib/Ret aDPLbEN a338.954bCHE aChelliah, Raja J.911331 aTowards sustainable growth :cby Raja J. Chelliah bessays in fiscal and financial sector reforms in india / aNew DelhibOxford University Pressc1996 aYMCA Library Building, Jai Singh Road bNew Delhie110001 axvi,220p.c21cmHb) aIncludes index aFinancial and fiscal in asian countries 911332 aEconomic development91481 2ddccENh338.954mCHA c124603d124603 00104070aLbLd2015-06-17eCen Lib/Ret g0.00l0o338.954 CHEpB-63962r2015-06-17 00:00:00t1v0.00w2015-06-17yEN